| 000 | 00585nam a22001937a 4500 | ||
|---|---|---|---|
| 005 | 20160713173138.0 | ||
| 010 | _aENG-115424 | ||
| 020 |
_a9789331321985 _c392.00 |
||
| 035 | _aEN-98956 | ||
| 037 | _bDBAD/PUB | ||
| 082 | _a651.07 | ||
| 100 | _aK.K. Singh | ||
| 245 |
_aEfective communication / _cK.K. Singh |
||
| 246 | _aEfective communication / Krishna Kumar Singh | ||
| 260 |
_aNew Delhi _bA.P.H. Publishing _c2014 |
||
| 270 |
_a4435-36/7,Ansari Road Darya Ganj _bNew Delhi _e110002 |
||
| 300 |
_axiv,140p. : _bill _c22cm(pbk) |
||
| 942 |
_2ddc _cEN _h651.7 _mKRI |
||
| 999 |
_c101267 _d101267 |
||